000 01206nam a2200265 a 4500
001 7368
003 CO-ViMGA
008 141112s2004 ck r 000 u spa d
020 _a9682453488
040 _aCO-ViMGA
_bspa
_cCO-ViMGA
082 0 4 _aMEVIECAR.64 H375t
100 1 _aHernández Jimenez, Ricardo
_96619
245 1 0 _aTaller de computación /
_cHernández Jimenez Ricardo
260 _aMexico :
_bTrillas,
_c1996
300 _a3 v. : il
500 _aSolicitar el ejemplar de la tabla de contenido.
505 _aVOL.(1)Elementos básicos : Historia de la computación electrónica - Tipos de computadoras - Partes de una computadora - Sistema operativo - Teleproceso - Código de caracteres ASCII VOL.(2)MS - DOS y programas de aplicación : Taller de word Star - Taller de Lotus 1 - 2 - 3 VOL.(3)Diagramación lógica, progamación y sistemas : Programación en Basic - Análisis y diseño de sistemas
590 _aDatos de inventario : 05666, 05667, 05668
650 1 4 _aCOMPUTACION
_95430
650 1 4 _aDIAGRAMACION LOGICA
_96620
650 1 4 _aDOS Y PROGRAMAS DE APLICACION
_96621
650 1 4 _aELEMENTOS BASICOS
_96622
650 1 4 _aPROGRAMACION Y SISTEMAS
_96623
942 _2ddc
_cBK
999 _c19327
_d19327